000 00544nam a2200181Ia 4500
001 43047
008 140425s9999 xx 000 0 und d
020 _aNA
040 _cPK-LaUMT
082 _aRHC 891.499
_bABD-K
100 _aAbdul Khaliq Andleeb
245 _aKashar paath chah wanah (Kashmiri into Urdu)
_bKashmiri masaalain aur muhaavaray Urdu tarjamay kay saath
_cAbdul Khaliq Andleeb
260 _aLahore,Pakistan:
_bIqbal Academy Pakistan,
_c2007
300 _a45 p.
546 _aUR
650 _aKashmiri literature
942 _cBK
999 _c41058
_d41058